| 000 | 01059nam a2200277Ia 4500 | ||
|---|---|---|---|
| 003 | OSt | ||
| 005 | 20221007121757.0 | ||
| 006 | a|||||r|||| 00| 0 | ||
| 007 | ta | ||
| 008 | 221006b |||||||| |||| 00| 0 eng d | ||
| 020 |
_a8121101581 (hbd) _cRs.650.00 |
||
| 024 | _a7203 | ||
| 037 |
_bBishan, _cTextual |
||
| 040 |
_aBDL _cBDL _beng |
||
| 041 |
_2eng _aeng |
||
| 082 | _aJB, N8 | ||
| 100 |
_aBawa R Ed _9712915 |
||
| 245 | 0 |
_aBiodiversity of forest species: a community forestry approach ed by R Bawa and P K Khosla _b Khosla P K Ed |
|
| 260 |
_aDehra _bDun Bishen Singh Mahendra Pal Singh _c1998 |
||
| 300 |
_axxiv,218p _ccm. |
||
| 500 | _aIncludes bibliographical references; Indexes 207-218p; ^n23/CSL/Carb/00-01/294^d2000-10-23^mPurchase; ; 2000-2001/461^b2001-01-16^c508^d2001-01-10^eRs.15,485.50^fBishen Singh Mahendra Pal Singh; ; 2001-01-18^bSB^c2002-09-27^dRPS | ||
| 650 | _aForestry | ||
| 700 |
_a Khosla P K Ed _9712916 |
||
| 942 |
_hJB, N8 _cTEXL _2CC |
||
| 999 |
_c1209318 _d1209318 |
||